| 000 | 00571nam a22002177a 4500 | ||
|---|---|---|---|
| 999 |
_c6474 _d6474 |
||
| 001 | 6474 | ||
| 003 | BD-JhCC | ||
| 005 | 20180218100750.0 | ||
| 008 | 180123b xxu||||| |||| 00| 0 eng d | ||
| 035 | _a(BD-JhCC)6474 | ||
| 040 |
_aBD-JhCC _dBD-JhCC |
||
| 041 | _aeng | ||
| 082 |
_a297.1225 _bALI 1967 |
||
| 100 | _aAli, Abdullah Yousuf | ||
| 245 |
_aThe Holy Qur-An : _btext, translation & commentary / _c Abdullah Yusuf Ali |
||
| 260 |
_aLahor : _bSh Muhammad Ashraf, _c1967. |
||
| 300 |
_a1040 p. : _c26 cm. |
||
| 650 | _aQuran | ||
| 942 |
_2ddc _cBK |
||